| 000 | | | 06992cmc2a2200000 x 450 |
| 001 | | | f5d6b4d9-92fb-4763-849f-48871d59ba01 |
| 005 | | | 20160711162250.0 |
| 100 | ## | $a | 20131004l17861917k y0rusy0189 ca |
| 101 | 0# | $a | rus |
| 102 | ## | $a | RU |
| 225 | 0# | $a | Фонд Техническо-строительный комитет МВД |
| | $h | Опись № 166 |
| | $i | Курская губерния |
| 324 | ## | $a | Графика |
| 801 | #0 | $a | RU |
| | $b | РГИА |
| | $c | 20131004 |
| 801 | #1 | $a | RU |
| | $b | ГлавНИВЦ |
| | $c | 20131004 |
| | $2 | rusmarc |
| 801 | #2 | $a | RU |
| | $b | ПБ им. Б.Н. Ельцина |
| | $c | 20131006 |
| | $g | RCR |
| | $2 | rusmarc |
| 850 | ## | $a | Федеральное казенное учреждение "Российский государственный исторический архив" (РГИА) |
| 852 | ## | $a | РГИА |
| | $j | 3 |
| 937 | ## | $a | ASBIBLIO_SCAN |
| | $b | РГИА_1293:_166:Курская губ_3: |
| | $d | 5700363 |
| | $h | РГИА |
| 200 | 1# | $a | Курская губерния. Карта губернии и планы городов: Курска, Путивля, Рыльска, Льгова, Дмитриева, Фатежа, Щигрова, Тима, Старого Оскола, Нового Оскола, Обояни, Корочи, Белгорода, Грайворона и Суджи |
| | $e | б/д |
| | $j | [1786-1917] |
| 215 | ## | $a | 2 листа |
| 035 | ## | $a | f5d6b4d9-92fb-4763-849f-48871d59ba01 |
| 461 | #0 | $1 | 001597a3917-b61a-443f-a337-cac2b95e7413 |
| | $1 | 2001 |
| | $a | Техническо-строительный комитет МВД |
| | $1 | 251 |
| | $c | Фонд |
| | $1 | 852 |
| | $j | 1293 |
| 462 | #0 | $1 | 00148da3860-b898-4404-9dba-2fe58849e500 |
| | $1 | 2001 |
| | $a | 1786-1917 гг. |
| | $v | Д. 3 |
| | $1 | 251 |
| | $c | Опись |
| | $1 | 852 |
| | $j | 166 |
| 122 | 2# | $a | d1786###### |
| | $a | d1917###### |
| 251 | ## | $c | Дело |
| 300 | ## | $a | Оригинальный заголовок дела: Карта губернии и планы городов Курской губернии : б/д |
| 300 | ## | $a | Бумага. Карандаш, тушь, акварель |
| 300 | ## | $a | Рукописный текст. Чернила |
| 517 | 1# | $a | Карта губернии и планы городов Курской губернии : б/д |
| 327 | ## | $a | Содержит планы городов Курской губернии. Масштабы разные |
| 509 | 00 | $a | Курск |
| | $h | город |
| | $l | План |
| 509 | 00 | $a | Белгород |
| | $h | город |
| | $l | План |
| 123 | 2# | $a | a |
| 124 | ## | $a | a |
| 605 | ## | $2 | acquisition_Prlib |
| | $3 | DITM\AF\0000004675 |
| | $a | Территория |
| | $l | коллекция |
| 605 | ## | $a | Белгородская область: страницы истории |
| | $l | коллекция |
| | $2 | acquisition_Prlib |
| | $3 | LIBNET\UAF\0000059933 |
| 605 | ## | $a | Территория России: Белгородская область |
| | $l | коллекция |
| | $2 | acquisition_Prlib |
| | $3 | LIBNET\UAF\0000059934 |
| 605 | ## | $a | Территория России: Курская область |
| | $l | коллекция |
| | $2 | acquisition_Prlib |
| | $3 | LIBNET\UAF\0000046568 |
| 607 | ## | $2 | nlr_sh |
| | $3 | RU\NLR\AUTH\66634072 |
| | $a | Курская губерния |
| | $j | Планы |
| 617 | ## | $2 | prlib_sh |
| | $c | Курская губерния |
| 617 | ## | $c | Курская область |
| | $2 | prlib_sh |
| 617 | ## | $c | Белгородская область |
| | $2 | prlib_sh |
| 686 | ## | $a | 63.3(28-8Кус)5я64 |
| | $v | LBC/M |
| | $2 | rubbk |
| 606 | 1# | $2 | nlr_sh |
| | $3 | RU\NLR\AUTH\661216473 |
| | $a | Города |
| | $j | Планы |
| | $y | Курская область |
| 606 | 1# | $a | Города |
| | $j | Планы |
| | $y | Белгородская область |
| | $2 | nlr_sh1 |
| | $3 | RU\NLR\AUTH\661245268 |